عرض عادي
عرض مارك
- Booch, Grady.
مدخل إسم شخص
001 - رقم الضبط
- حقل الضبط: 36678
003 - معرف رقم الضبط
- حقل الضبط: OSt
005 - تاريخ ووقت أخر عملية
- حقل الضبط: 20130821071829.0
008 - عناصر بيانات ثابتة الطول
- حقل تحكم ثابت الطول: 130821|||a|||||| | ||| d
040 ## - مصدر الفهرسة
- هيئة الفهرسة الأصلية: OSt
- وكالة الكتابة: OSt
100 ## - مدخل -- أسم شخص
- إسم شخص: Booch, Grady.
- عنوان العمل: Object-oriented analysis and design with applications.
670 ## - بيانات المصدر موجوده
- الاستشهاد بالمصدر: Work cat.: (OSt)30450: Object-oriented analysis and design with applications /, c2007.
